Libro de Chilam Balam de Chumayel

Guardat en:
Dades bibliogràfiques
Autor corporatiu: Consejo Nacional para la Cultura y las Artes (autor)
Altres autors: Mediz Bolio, Antonio (traducción), Garza, Mercedes de la (prólogo, introducción y notas)
Format: Llibre
Idioma:anglès
Publicat: México D.F., México, Cien de México, 1998
Edició:Segunda edición
Matèries:
Etiquetes: Afegir etiqueta
Sense etiquetes, Sigues el primer a etiquetar aquest registre!

MARC

LEADER 00000nam a22000007a 4500
003 CL-VaPUC
005 20220725133935.0
008 220530b1998 ||||| |||| 00| 0 eng d
999 |c 435744  |d 435742 
020 |a 970-18-1951-9 
040 |c Pontificia Universidad Católica de Valparaíso 
082 0 4 |2 22  |a 897.427 CON 1998 
110 1 |a Consejo Nacional para la Cultura y las Artes  |e autor  |9 869982 
245 1 0 |a Libro de Chilam Balam de Chumayel 
250 |a Segunda edición 
260 |a México D.F., México,  |b Cien de México,  |c 1998 
300 |a 191 páginas 
500 |a c.1 Donación Profesor Bryan Greeen. Memo 08/2022. 18/04/2022 
583 |c 20220530  |k Catalogador Asistente 
650 1 |a Literatura maya  |x Manuscritos  |9 871184 
650 1 |a Religión maya  |x Literatura indígena americana  |9 871185 
650 1 |a Mitologia maya  |x Literatura indígena americana  |9 871186 
650 1 |a Historia antigua indígena  |z México  |9 871187 
700 |a Mediz Bolio, Antonio  |e traducción  |9 869983 
700 |a Garza, Mercedes de la  |e prólogo, introducción y notas  |9 869984 
942 |2 ddc  |c BK 
952 |0 0  |1 0  |2 ddc  |4 0  |6 897_427000000000000_CON_1998  |7 0  |8 A  |9 583322  |a FDOPOS  |b FDOPOS  |c GEN  |d 2022-05-30  |e Donación  |i 5651462  |o 897.427 CON 1998  |p 5651462  |r 2025-01-22  |t 1  |w 2022-05-30  |y BK  |k MEL